| 000 | nam a22 7a 4500 | ||
|---|---|---|---|
| 999 |
_c234568 _d234568 |
||
| 005 | 20170324120549.0 | ||
| 008 | 170324b xxu||||| |||| 00| 0 eng d | ||
| 020 | _a9789699532009 | ||
| 040 | _c. | ||
| 082 | _aBB-413 | ||
| 100 | _aAli, Safdar | ||
| 245 |
_aChurches Of Pakistan / _cDr safdar Ali shah & Javaid Ali Kazmi |
||
| 300 | _a123 p. ; | ||
| 942 |
_2ddc _cBK |
||